00319nam a2200109Ia 4500008004100000041000800041082001200049100001800061245008500079260003700164300000800201230511s1966 xx 000 0 und d aeng a348.041 aChitaley S W  aAll India Reporter 1966 Allhabad All India Reporter 1957 All India Reporter 1957 aNagpurbAll India Reporterc1966 a384